000 01018nam0a22002771 4500
001 rc\3009010
005 20250806200949.0
035 _a(NLR Aleph) 007151660
090 _a4288
_c4288
100 _a20110922d1942 u y0rusy50 ca
101 0 _arus
102 _aRU
105 _aa z |||||
200 1 _aЗачем фронту витамин нужен?
_e[Указания школьникам по сбору шиповника]
_e[В стихах]
_fАлександр Шабанов
_g[Ил. В. Зуев]
210 _a[Уфа]
_cУфимский витаминный завод
_d1942
215 _a4 ненум. с.
_cил.
_d20 см
300 _aБез обл.
700 1 _aШабанов
_bА.Н.
_f1904-1982
_gАлександр Николаевич
702 1 _aЗуев
_bВ.
_4440
801 0 _aRU
_bNLR
_gpsbo
801 1 _aRU
_bELAR
_2rusmarc
852 _aNLR
_jДл02 Г-4/125
942 _cBOOK
945 _aРоссийская национальная библиотека
980 _aNB
980 _aBV